[Event "Stay Safe Play From Home 262"]
[Site "Emanuel Lasker Arena"]
[Date "2020.06.29"]
[Round "8"]
[White "Haris kollari 13"]
[Black "SoulofWolf"]
[Result "0-1"]
[WhiteElo "1770"]
[BlackElo "2163"]
[Annotator "NA"]
[PlyCount "92"]
[EventDate "2020.06.29"]
[EventType "swiss (blitz)"]

1. e4 {[%emt 0:00:01]} d5 {[%emt 0:00:00]} 2. exd5 {[%emt 0:00:02]} Nf6 {[%emt 0:00:00]} 3. d4 {[%emt 0:00:01]} Nxd5 {[%emt 0:00:01]} 4. Nc3 {[%emt 0:00:01]} Nf6 {[%emt 0:00:00]} 5. Nf3 {[%emt 0:00:02]} Bg4 {[%emt 0:00:01]} 6. Be2 {[%emt 0:00:01]} e6 {[%emt 0:00:00]} 7. Be3 {[%emt 0:00:01]} Nbd7 {[%emt 0:00:00]} 8. Qd2 {[%emt 0:00:01]} c6 {[%emt 0:00:01]} 9. h3 {[%emt 0:00:02]} Bh5 {[%emt 0:00:01]} 10. O-O-O {[%emt 0:00:01]} Bd6 {[%emt 0:00:01]} 11. g4 {[%emt 0:00:01]} Bg6 {[%emt 0:00:01]} 12. Nh4 {[%emt 0:00:03]} Qc7 {[%emt 0:00:01]} 13. Nxg6 {[%emt 0:00:01]} hxg6 {[%emt 0:00:00]} 14. f4 {[%emt 0:00:01]} O-O-O {[%emt 0:00:01]} 15. Bf3 {[%emt 0:00:02]} Kb8 {[%emt 0:00:01]} 16. Kb1 {[%emt 0:00:03]} Nb6 {[%emt 0:00:01]} 17. b3 {[%emt 0:00:02]} Rhe8 {[%emt 0:00:02]} 18. Ne2 {[%emt 0:00:02]} Nfd5 {[%emt 0:00:02]} 19. c4 {[%emt 0:00:03]} Nxe3 {[%emt 0:00:02]} 20. Qxe3 {[%emt 0:00:01]} Be7 {[%emt 0:00:01]} 21. g5 {[%emt 0:00:02]} Nd7 {[%emt 0:00:01]} 22. h4 {[%emt 0:00:01]} Rh8 {[%emt 0:00:02]} 23. Nc3 {[%emt 0:00:01]} Nb6 {[%emt 0:00:01]} 24. Ne4 {[%emt 0:00:02]} Rd7 {[%emt 0:00:01]} 25. Kb2 {[%emt 0:00:03]} Rh7 {[%emt 0:00:03]} 26. a3 {[%emt 0:00:01]} Rd8 {[%emt 0:00:00]} 27. h5 {[%emt 0:00:01]} Rdh8 {[%emt 0:00:01]} 28. hxg6 {[%emt 0:00:01]} fxg6 {[%emt 0:00:01]} 29. Rxh7 {[%emt 0:00:02]} Rxh7 {[%emt 0:00:00]} 30. Rh1 {[%emt 0:00:01]} Rxh1 {[%emt 0:00:01]} 31. Bxh1 {[%emt 0:00:00]} Nd7 {[%emt 0:00:03]} 32. Bf3 {[%emt 0:00:02]} Nf8 {[%emt 0:00:02]} 33. Ng3 {[%emt 0:00:02]} Bd6 {[%emt 0:00:05]} 34. Ne2 {[%emt 0:00:02]} Qf7 {[%emt 0:00:02]} 35. Be4 {[%emt 0:00:02]} a6 {[%emt 0:00:02]} 36. c5 {[%emt 0:00:01]} Bc7 {[%emt 0:00:01]} 37. Bd3 {[%emt 0:00:01]} Nd7 {[%emt 0:00:01]} 38. Qe4 {[%emt 0:00:01]} Kc8 {[%emt 0:00:01]} 39. Qxg6 {[%emt 0:00:02]} Qxg6 {[%emt 0:00:00]} 40. Bxg6 {[%emt 0:00:01]} Nf8 {[%emt 0:00:00]} 41. Bf7 {[%emt 0:00:00]} Kd7 {[%emt 0:00:01]} 42. g6 {[%emt 0:00:01]} Ke7 {[%emt 0:00:00]} 43. Kc3 {[%emt 0:00:00]} Kf6 {[%emt 0:00:00]} 44. Kd3 {[%emt 0:00:01]} Kf5 {[%emt 0:00:01]} 45. Ke3 {[%emt 0:00:01]} Nd7 {[%emt 0:00:02]} 46. Ng3+ {[%emt 0:00:01]} Kg4 {[%emt 0:00:01] Time (Lag: Av=0.37s, max=1.0s)} 0-1

[Event "Stay Safe Play From Home 262"]
[Site "Emanuel Lasker Arena"]
[Date "2020.06.29"]
[Round "8"]
[White "Edmatuag"]
[Black "Lamborghini"]
[Result "0-1"]
[WhiteElo "1703"]
[BlackElo "2183"]
[Annotator "TA"]
[PlyCount "56"]
[EventDate "2020.06.29"]
[EventType "swiss (blitz)"]

{[%evp 12,55,28,0,-6,-1,-1,0,48,20,40,9,7,0,0,-27,-26,-82,-35,-221,-70,-47,41,43,39,24,30,0,0,-9,0,-127,-105,-2425,-1039,-29991,-29992,-29992,-29993,-29995,-29993,-29995,-29996,-29998,-29999,-29999]} 1. e4 g6 2. d4 Bg7 3. Nc3 d6 4. Be3 Nf6 5. f3 O-O 6. Bc4 c6 7. Nge2 b5 {B07: Pirc Defence: Miscellaneous Systems.} 8. Bb3 a5 {aiming for ...a4.} 9. a3 Na6 {The position is equal.} 10. Qd2 {[#]} Nc7 $146 ({Predecessor:} 10... Bd7 11. O-O c5 12. Bd5 Nxd5 13. Nxd5 e6 14. Ndc3 b4 15. Nd1 Bb5 16. Re1 Qc7 {0-1 (39) De Castro de Leon,J (1684)-Almenares Garcia,M (2096) Santa Cruz de Tenerife 2014}) 11. h4 Be6 12. Bxe6 Nxe6 13. h5 b4 14. axb4 (14. Nd1 $11) 14... axb4 $17 15. Rxa8 $2 ({White should play} 15. Na4 $1 $15) 15... Qxa8 $2 (15... bxc3 $19 16. Rxd8 cxd2+ 17. Kxd2 Rxd8) 16. Nd1 $15 c5 ({Much worse is} 16... gxh5 $6 17. Qxb4 c5 18. dxc5 $14) (16... Nxh5 $15 17. g4 Nf6) 17. d5 $14 Nc7 18. hxg6 fxg6 19. Nf4 Qa6 20. g4 Nd7 21. g5 (21. Qh2 $11 Ne5 22. Qxh7+ {[%mdl 64] Double Attack} Kf7 23. Nxg6 Nxg6 24. Rh5 (24. Rh6 Ne5 $11)) 21... Ne5 $17 22. Ne6 $2 {[%mdl 8192]} (22. Qe2 $17) 22... Nxe6 (22... Nxf3+ $142 23. Kf2 Nxe6) 23. Qh2 Nxf3+ {[%mdl 64] Double Attack. Black mates.} 24. Kf2 Nxh2+ 25. Kg3 {[#]} Nxg5 $1 26. Bxg5 {[#]} Qe2 $1 27. Nf2 Rf3+ 28. Kxh2 Qxf2# {Accuracy: White = 37%, Black = 66%.} 0-1

[Event "Stay Safe Play From Home 262"]
[Site "Emanuel Lasker Arena"]
[Date "2020.06.29"]
[Round "8"]
[White "Trotsky"]
[Black "Goofus3"]
[Result "1-0"]
[WhiteElo "1599"]
[BlackElo "1389"]
[Annotator "NA RC"]
[PlyCount "39"]
[EventDate "2020.06.29"]
[EventType "swiss (blitz)"]

1. d4 {[%emt 0:00:01]} d5 {[%emt 0:00:01]} 2. e3 {[%emt 0:00:00]} Nf6 {[%emt 0:00:01]} 3. c4 {[%emt 0:00:01]} g6 {[%emt 0:00:01]} 4. Nc3 {[%emt 0:00:00]} Bg7 {[%emt 0:00:01]} 5. c5 {[%emt 0:00:01]} O-O {[%emt 0:00:02]} 6. Bd3 {[%emt 0:00:01]} Na6 {[%emt 0:00:01]} 7. a3 {[%emt 0:00:01]} c6 {[%emt 0:00:01]} 8. Qc2 {[%emt 0:00:00]} Ne4 {[%emt 0:00:02]} 9. Nf3 {[%emt 0:00:01]} Nxc3 {[%emt 0:00:02]} 10. bxc3 {[%emt 0:00:01]} e5 {[%emt 0:00:02]} 11. h4 {[%emt 0:00:01]} h5 {[%emt 0:00:02]} 12. Ng5 {[%emt 0:00:01]} Bh6 {[%emt 0:00:02]} 13. f3 {[%emt 0:00:01]} Bxg5 {[%emt 0:00:03]} 14. Bxg6 {[%emt 0:00:03]} Bxe3 {[%emt 0:00:04]} 15. Bxe3 {[%emt 0:00:03]} fxg6 {[%emt 0:00:00]} 16. Qxg6+ {[%emt 0:00:01]} Kh8 {[%emt 0:00:03]} 17. Qxh5+ {[%emt 0:00:02]} Kg7 {[%emt 0:00:03]} 18. Bh6+ {[%emt 0:00:03]} Kg8 {[%emt 0:00:05]} 19. Qg6+ {[%emt 0:00:02]} Kh8 {[%emt 0:00:02]} 20. Qg7# {[%emt 0:00:01] (Lag: Av=0.42s, max=0.7s)} 1-0

[Event "Stay Safe Play From Home 262"]
[Site "Emanuel Lasker Arena"]
[Date "2020.06.29"]
[Round "9"]
[White "Mepe_Nika"]
[Black "Lamborghini"]
[Result "0-1"]
[WhiteElo "2451"]
[BlackElo "2185"]
[Annotator "TA"]
[PlyCount "118"]
[EventDate "2020.06.29"]
[EventType "swiss (blitz)"]

{[%evp 17,117,10,18,0,62,-1,-10,0,0,0,-5,-18,-16,-45,-10,-11,-9,-16,-22,-17,-12,-47,0,-5,-6,-16,-8,-14,-13,-29,-9,-132,-13,-108,-2,-156,0,0,0,-34,-31,-45,-37,-45,-45,-54,-54,-49,-53,-113,-4,-198,-105,-70,-3,-128,-129,-172,-189,-310,89,-519,-519,-502,-498,-603,-206,-599,-531,-597,-461,-461,-447,-420,-428,-1056,-1006,-868,-650,-1155,-1159,-1891,-1835,-1712,-1723,-1463,-1385,-6295,-6035,-29972,-29956,-29989,-29990,-29994,-29993,-29993,-29994,-29996,-29990,-29997,-29998,-29999]} 1. d4 g6 2. Bf4 Bg7 3. e3 c5 4. c3 b6 5. h3 Bb7 6. Nf3 d6 7. Be2 Nd7 8. O-O Ngf6 9. a4 O-O 10. a5 {A48: 1 d4 Nf6 2 Nf3 g6: Torre, London and Colle Systems.} Bc6 (10... cxd4 $11 11. cxd4 bxa5) 11. axb6 (11. c4 $1 $14) 11... axb6 $11 12. Nbd2 {The position is equal.} Qc7 13. Qc2 Qb7 {[#]} 14. Rfb1 $146 ({Predecessor:} 14. c4 cxd4 15. exd4 e5 16. dxe5 dxe5 17. Be3 Ne4 18. b4 Nxd2 19. Qxd2 Rxa1 20. Rxa1 Bxf3 21. Bxf3 {½-½ (50) Zienkiewicz,A (2070)-Barthel,A (2258) Differdange 2008}) 14... Ne4 15. Ne1 Nxd2 16. Qxd2 b5 17. Bf3 Bxf3 18. Nxf3 c4 19. Re1 Ra4 20. Rxa4 bxa4 21. Ra1 Ra8 22. Qc2 Qb3 23. Ne1 Nb6 24. f3 (24. Ra3 $11 Qxc2 25. Nxc2) 24... f5 (24... Nd5 $17 {next ...a3 is good for Black.} 25. Ra3 Qb5) 25. Bg5 (25. e4 $11) 25... Kf7 (25... a3 $1 $17 {[%cal Ra3b2]} 26. Rxa3 Rxa3 27. bxa3 Nd5) 26. Bh4 $2 (26. e4 $11) 26... Qxc2 $2 (26... a3 $17 27. bxa3 Nd5) 27. Nxc2 e5 28. Bf2 e4 29. fxe4 fxe4 30. Nb4 Ke6 31. Bg3 d5 32. Kh2 Bf8 33. Nc6 (33. Nc2 $1 $15) 33... Bd6 (33... a3 $17 34. bxa3 Rxa3) 34. Ne5 $2 (34. Bxd6 $1 $11 {and White stays safe.} Kxd6 35. Nb4) 34... Bxe5 (34... a3 $19 35. bxa3 Rxa3 36. Rxa3 Bxa3) 35. Bxe5 $19 {[%mdl 4096] Endgame [#] KRB-KRN} Ra5 ({Black should play} 35... a3 $1 $15 {[%mdl 512]} 36. Ra2 (36. Rxa3 Rxa3 37. bxa3 Na4 $17) (36. bxa3 Na4 $17) 36... axb2 37. Rxb2 Nd7) 36. Rf1 (36. Bc7 $11 {remains equal.} Rb5 37. Bxb6 Rxb6 38. Ra2) 36... Rb5 $17 37. Rf6+ Ke7 38. Rc6 (38. Rf2 $142) 38... Nd7 $2 (38... Rxb2 $19 {Strongly threatening ...Rb5.} 39. Bc7 Kd7) 39. Ra6 $2 {[%mdl 8192]} (39. Bd6+ $16 {keeps the pressure on.} Kf7 40. Bb4) 39... Nxe5 $19 40. dxe5 Rxb2 41. Rxa4 {Now Ra6 and White clings on. KR-KR} Rd2 $2 (41... Ke6 {...Re2 is the strong threat.} 42. Ra8 Re2 43. Re8+ Kd7) 42. Ra7+ $2 (42. Ra6 {was the crucial defense.}) 42... Ke6 43. Rxh7 Kxe5 44. Re7+ {[#]} Kf6 $1 {[%cal Rf6e7]} 45. Rd7 Rd3 46. Kg1 (46. Kg3 $142 Ke6 47. Rg7) 46... Ke6 47. Rg7 Rxc3 48. Rxg6+ Kf5 49. Rc6 Rxe3 50. Kf2 Rd3 51. g4+ Ke5 52. Rc8 Kd4 53. Re8 c3 {Black mates.} 54. g5 c2 55. Ra8 Rd2+ 56. Kg3 c1=Q 57. Kh4 Ke5 58. Ra4 Rg2 {[%csl Gg2][%cal Rc1g5]} 59. Kh5 Qxg5# {Accuracy: White = 30%, Black = 60%.} 0-1

[Event "Stay Safe Play From Home 262"]
[Site "Emanuel Lasker Arena"]
[Date "2020.06.29"]
[Round "9"]
[White "Hetou"]
[Black "Uber_WING"]
[Result "1-0"]
[WhiteElo "2448"]
[BlackElo "2499"]
[Annotator "TA"]
[PlyCount "97"]
[EventDate "2020.06.29"]
[EventType "swiss (blitz)"]

{[%evp 9,97,23,36,34,34,24,25,31,72,16,0,-18,-7,-22,-14,-67,-9,-10,-10,-27,-24,-44,0,-17,-16,-35,0,0,0,0,1,-10,50,0,75,77,115,97,110,85,86,0,27,39,80,79,250,230,209,210,202,123,367,343,655,434,432,439,590,597,561,480,581,0,0,0,0,-1546,-1541,-1416,-1413,-1237,-1173,-1657,-1619,-1273,-1285,-6179,-5593,-5264,-2558,-6751,-7775,-6187,-6191,-29989,-29990,-29991,-29992,-29993]} 1. d4 Nf6 2. c4 c5 3. Nf3 cxd4 4. Nxd4 e5 5. Nb5 d6 6. N5c3 {A31: Symmetrical English: 2 Nf3 Nf6 3 d4.} a6 7. g3 Nc6 8. Bg2 {White has an edge.} Be6 {[#]} 9. O-O $146 (9. Nd5 $16) ({Predecessor:} 9. b3 Qc7 10. O-O Be7 11. Bb2 Rd8 12. e4 Qd7 13. Nd5 Bxd5 14. exd5 Nb8 15. f4 exf4 16. Rxf4 {1-0 (28) Litzka,M (2074)-Pohle,R (1917) Germany 2016}) 9... Bxc4 $11 10. Na3 Be6 11. Bg5 Be7 $36 {[%mdl 2048] Black has some pressure.} 12. Nc2 (12. Bxf6 $11 Bxf6 13. Nd5) 12... h6 (12... O-O $15) 13. Bxf6 $1 Bxf6 14. Ne3 O-O 15. Ned5 Rc8 16. e3 Be7 17. a3 b5 18. Rc1 Na5 19. Qd3 Nc4 20. Rc2 g6 (20... f5 $11) 21. Rd1 Bf5 {[#]} (21... Kg7 $11) 22. Be4 $1 $16 {[%cal Re4f5]} Bxe4 23. Nxe4 Kg7 24. h4 Qd7 25. h5 (25. b3 $16 f5 26. bxc4 fxe4 27. Qxe4) 25... f5 26. Nd2 {[%cal Rd2c4]} Nxd2 27. Rcxd2 g5 $2 {[#]} (27... Bd8 $16) 28. Nb6 $1 $18 {[%cal Rb6d7]} Qe6 29. Nxc8 Rxc8 30. Qd5 Kf7 $2 (30... Qxd5 $16 31. Rxd5 Rc2) 31. Qb7 $1 {[%csl LRa6,LRd6]} Rc4 $2 (31... Rd8 32. Qxa6 Qd7) 32. Qxa6 f4 33. Qxb5 fxg3 34. fxg3 Qg4 35. Qd5+ Kg7 36. Rf1 $2 (36. Kg2 $18) 36... Qxg3+ $11 {[%mdl 64] Double Attack} 37. Rg2 {White threatens Rf7+ and mate.} Qxe3+ 38. Rgf2 $2 {[%mdl 8192]} (38. Rff2 $11 Qe1+ 39. Rf1 Qe3+ 40. Rff2 Qc1+ 41. Rf1 Qe3+) 38... Rg4+ $19 39. Qg2 Rxg2+ 40. Kxg2 Qe4+ 41. Kg3 Qd5 42. Rf5 Qe6 43. a4 d5 44. a5 d4 45. a6 Qxa6 46. Rf7+ Kg8 47. Rf8+ Bxf8 48. Rf5 Qe6 49. Rxg5+ {[%mdl 32768] Accuracy: White = 57%, Black = 46%. . Loss on time!?} 1-0

[Event "Stay Safe Play From Home 262"]
[Site "Emanuel Lasker Arena"]
[Date "2020.06.29"]
[Round "9"]
[White "Kubas"]
[Black "Broken sword"]
[Result "0-1"]
[WhiteElo "2368"]
[BlackElo "2438"]
[Annotator "TA"]
[PlyCount "146"]
[EventDate "2020.06.29"]
[EventType "swiss (blitz)"]

{[%evp 9,145,12,27,12,16,11,48,51,54,48,78,85,79,72,66,66,55,75,73,37,42,31,40,0,0,-19,12,0,76,64,84,75,71,41,47,0,19,-68,-76,-72,-80,-184,-114,-113,-110,-116,-76,-95,-47,-61,-61,-62,-40,-68,-71,-92,-10,-36,-1,-1,0,-60,-60,-183,0,-150,112,0,140,145,197,176,180,-82,-82,-101,70,-82,-94,-191,-154,-312,-315,-570,-560,-561,-530,-684,-630,-681,-481,-579,-400,-2009,-1937,-29999,-531,-1234,-1049,-1402,-1343,-932,-1525,-2678,-3063,-12819,-12831,-29972,-29973,-12841,-12840,-29982,-29982,-29982,-29976,-29983,-29977,-12845,-12845,-29990,-12844,-29989,-29990,-29990,-29991,-29991,-12846,-29993,-29994,-29994,-29995,-29995,-29996,-29996,-29996,-29996,-29997,-29999]} 1. d4 d5 2. c4 c6 3. Nf3 Nf6 4. g3 Bf5 5. Nc3 e6 6. Qb3 {D11: Slav Defence: 3 Nf3 sidelines and 3...Nf6 4 e3 Bg4.} Qb6 7. c5 Qc7 8. Bf4 {White is slightly better.} Qc8 9. Nh4 {9.Bg2 is not played anymore.} Bg4 10. f3 Bh5 11. g4 Bg6 12. Nxg6 hxg6 {[#]} 13. e4 $146 ({Predecessor:} 13. e3 Nfd7 14. Bg3 g5 15. Qd1 Be7 16. Rc1 Bd8 17. Bg2 Bc7 18. f4 Nf8 19. O-O {1-0 (37) Almiron,A (2351)-Dos Santos,H (2077) Caioba 2018}) 13... Nbd7 14. e5 Ng8 15. Rc1 Be7 16. Bd3 Bh4+ 17. Kf1 Ne7 (17... g5 $5 {[%cal Rg5f4]} 18. Bd2 Ne7 $14) 18. Kg2 Qc7 (18... g5 $11 19. Bg3 b6) 19. Qc2 $16 b6 20. b4 a5 21. b5 bxc5 22. bxc6 Qxc6 23. Nb5 (23. Bb5 $11 Qc7 24. dxc5) 23... c4 $15 24. Nd6+ Kf8 {...Qb6 is the strong threat.} 25. Be2 (25. Qc3 $17) 25... Nc8 (25... f6 $19 {Strongly threatening ...Qb6.} 26. Rb1 g5) 26. Nxc8 $17 Rxc8 27. Rb1 g5 28. Be3 g6 29. Rb2 Kg7 30. Rhb1 Rb8 31. Qc3 Rxb2 32. Rxb2 Ra8 ({Better is} 32... Rb8 $17 33. Qc2 Qa6) 33. Bd2 a4 34. Qa3 Qa6 35. Bb4 ({White should play} 35. Qe7 $11 Ra7 36. Qb4) 35... Qa7 $15 36. Bc3 {[#]} (36. Qe3 $1 $15) 36... Rc8 $2 (36... Nxe5 $1 $19 {[%mdl 512]} 37. Qd6 (37. dxe5 Qf2+) 37... Nd3 38. Bxd3 cxd3) 37. Bd1 {[#]} (37. Qd6 $11) 37... Ra8 $2 (37... Nxe5 $1 $17 {[%mdl 512] stays on course. And now ...Nd3 would win.} 38. dxe5 d4 39. Qxa4 Qxa4 40. Bxa4 dxc3) 38. Rb4 {[#]} (38. Rb5 $16) 38... Qc7 (38... Nxe5 $1 $11 {[%mdl 512] remains equal.} 39. Rxa4 (39. dxe5 Qf2+) 39... Qxa4 40. Bxa4 Nd3) 39. Rxa4 $16 Rb8 (39... Rxa4 $16 40. Qxa4 Qb7) 40. Rb4 Rxb4 41. Bxb4 $2 (41. Qxb4 $18 {Black must now prevent Ba4.} Nb8 42. a4) 41... Qb6 $1 $17 {[%cal Rb6d4]} 42. Qc3 {[#]} Nb8 $2 (42... Nxe5 $1 $17 {[%mdl 512] aiming for ...Nd3.} 43. Qb2 (43. dxe5 Qf2+) 43... Nd7) 43. a4 $2 (43. Qd2 $14 {keeps the upper hand.}) 43... Nc6 $1 $36 {[%csl LRb4,LRd4][%mdl 2048] Black is on the roll. Black converts the advantage convincingly.} 44. Bc5 (44. Ba3 $17 {keeps fighting.}) 44... Qb1 $19 45. Qc2 $2 {[#]} (45. Bc2 $17 Qc1 46. Ba3) 45... Qa1 $1 46. Kf1 $2 (46. Qd2) 46... Nxd4 47. Bxd4 Qxd4 48. a5 Qxe5 49. Qe2 Qd4 50. a6 Qb6 51. Qe5+ (51. Qa2 $142 Qa7 52. Kg2) 51... Kg8 {[%csl Gh4][%cal Rb6f2]} 52. Qa1 Bf2 (52... Qf2# $142) 53. a7 Qxa7 54. Qxa7 Bxa7 {[%mdl 4096] Endgame KB-KB} 55. Ke2 Bd4 56. Ba4 Be5 57. Bb5 Bxh2 58. Ba6 Bf4 59. Bb5 Kf8 60. Ba6 Ke7 61. Bb5 f6 62. Ba6 Kd6 63. Bb5 e5 64. Bd7 Kc5 (64... Kxd7 $142 65. Kd1 d4 66. Kc2 d3+ 67. Kc3 Kd6 68. Kb2 Kc5 69. Kc3 Bc1 70. f4 e4 71. f5 e3 72. fxg6 e2 73. g7 e1=Q#) 65. Be6 d4 66. Bf7 d3+ 67. Kd1 Kd4 (67... c3 $142 68. Bb3 Kb4 69. Bc2 dxc2+ 70. Kxc2 Kc4 71. Kd1 Kd3 72. Ke1 c2 73. Kf1 Ke3 74. Kg1 Kxf3 75. Kh1 c1=Q#) 68. Bxg6 c3 {Black mates.} 69. Bf5 c2+ 70. Ke1 c1=Q+ 71. Kf2 Qe3+ 72. Kg2 Qe2+ 73. Kh3 Qxf3# {Accuracy: White = 40%, Black = 54%.} 0-1

[Event "Stay Safe Play From Home 262"]
[Site "Emanuel Lasker Arena"]
[Date "2020.06.29"]
[Round "9"]
[White "Praveen prasad"]
[Black "BrainThinker22"]
[Result "1-0"]
[WhiteElo "2241"]
[BlackElo "2278"]
[Annotator "NA"]
[PlyCount "149"]
[EventDate "2020.06.29"]
[EventType "swiss (blitz)"]

1. e4 {[%emt 0:00:01]} c6 {[%emt 0:00:01]} 2. Nf3 {[%emt 0:00:01]} d5 {[%emt 0:00:00]} 3. exd5 {[%emt 0:00:00]} cxd5 {[%emt 0:00:00]} 4. d4 {[%emt 0:00:00]} Nc6 {[%emt 0:00:00]} 5. c3 {[%emt 0:00:00]} Nf6 {[%emt 0:00:00]} 6. Bd3 {[%emt 0:00:00]} Bg4 {[%emt 0:00:01]} 7. O-O {[%emt 0:00:01]} e6 {[%emt 0:00:00]} 8. h3 {[%emt 0:00:01]} Bh5 {[%emt 0:00:01]} 9. Bf4 {[%emt 0:00:01]} Bd6 {[%emt 0:00:01]} 10. Bxd6 {[%emt 0:00:00]} Qxd6 {[%emt 0:00:00]} 11. Nbd2 {[%emt 0:00:01]} Bg6 {[%emt 0:00:01]} 12. Re1 {[%emt 0:00:01]} O-O {[%emt 0:00:01]} 13. Bxg6 {[%emt 0:00:02]} hxg6 {[%emt 0:00:00]} 14. Ne5 {[%emt 0:00:01]} Nd7 {[%emt 0:00:02]} 15. Nxc6 {[%emt 0:00:02]} bxc6 {[%emt 0:00:01]} 16. b4 {[%emt 0:00:01]} Rab8 {[%emt 0:00:01]} 17. a3 {[%emt 0:00:01]} Nb6 {[%emt 0:00:03]} 18. Nb3 {[%emt 0:00:01]} Nd7 {[%emt 0:00:02]} 19. Qg4 {[%emt 0:00:01]} e5 {[%emt 0:00:03]} 20. Qg3 {[%emt 0:00:05]} Rfe8 {[%emt 0:00:01]} 21. Nc5 {[%emt 0:00:03]} Nxc5 {[%emt 0:00:01]} 22. bxc5 {[%emt 0:00:00]} Qf8 {[%emt 0:00:02]} 23. Rxe5 {[%emt 0:00:01]} Rb3 {[%emt 0:00:02]} 24. Rae1 {[%emt 0:00:07]} Reb8 {[%emt 0:00:01]} 25. a4 {[%emt 0:00:04]} a5 {[%emt 0:00:02]} 26. Re7 {[%emt 0:00:01]} Rb1 {[%emt 0:00:03]} 27. Kh2 {[%emt 0:00:02]} Rxe1 {[%emt 0:00:02]} 28. Rxe1 {[%emt 0:00:01]} Rc8 {[%emt 0:00:02]} 29. Rb1 {[%emt 0:00:03]} Qe7 {[%emt 0:00:02]} 30. Qd6 {[%emt 0:00:02]} Qxd6+ {[%emt 0:00:03]} 31. cxd6 {[%emt 0:00:00]} Rd8 {[%emt 0:00:00]} 32. Rb6 {[%emt 0:00:00]} Rxd6 {[%emt 0:00:00]} 33. Ra6 {[%emt 0:00:00]} Rf6 {[%emt 0:00:00]} 34. Kg3 {[%emt 0:00:02]} Re6 {[%emt 0:00:04]} 35. Rxa5 {[%emt 0:00:00]} Kf8 {[%emt 0:00:00]} 36. Ra7 {[%emt 0:00:02]} Rd6 {[%emt 0:00:03]} 37. Rc7 {[%emt 0:00:01]} Kg8 {[%emt 0:00:03]} 38. a5 {[%emt 0:00:01]} Kh7 {[%emt 0:00:00]} 39. a6 {[%emt 0:00:01]} Rd8 {[%emt 0:00:00]} 40. Rxc6 {[%emt 0:00:01]} Ra8 {[%emt 0:00:01]} 41. Kf4 {[%emt 0:00:01]} f6 {[%emt 0:00:01]} 42. g4 {[%emt 0:00:01]} Ra7 {[%emt 0:00:01]} 43. g5 {[%emt 0:00:01]} fxg5+ {[%emt 0:00:01]} 44. Kxg5 {[%emt 0:00:00]} Rf7 {[%emt 0:00:01]} 45. f4 {[%emt 0:00:02]} Rf5+ {[%emt 0:00:01]} 46. Kg4 {[%emt 0:00:01]} Rf7 {[%emt 0:00:00]} 47. h4 {[%emt 0:00:00]} Ra7 {[%emt 0:00:00]} 48. Rc5 {[%emt 0:00:00]} Rd7 {[%emt 0:00:01]} 49. a7 {[%emt 0:00:01]} Rxa7 {[%emt 0:00:01]} 50. Rxd5 {[%emt 0:00:00]} Rc7 {[%emt 0:00:00]} 51. Rc5 {[%emt 0:00:00]} Rf7 {[%emt 0:00:00]} 52. h5 {[%emt 0:00:00]} gxh5+ {[%emt 0:00:00]} 53. Rxh5+ {[%emt 0:00:01]} Kg8 {[%emt 0:00:00]} 54. Rf5 {[%emt 0:00:00]} Rc7 {[%emt 0:00:00]} 55. Rc5 {[%emt 0:00:00]} Rd7 {[%emt 0:00:01]} 56. Rc8+ {[%emt 0:00:00]} Kh7 {[%emt 0:00:00]} 57. Rc5 {[%emt 0:00:00]} Ra7 {[%emt 0:00:00]} 58. Kf3 {[%emt 0:00:00]} Ra1 {[%emt 0:00:00]} 59. Rh5+ {[%emt 0:00:00]} Kg8 {[%emt 0:00:00]} 60. Rc5 {[%emt 0:00:00]} Rf1+ {[%emt 0:00:00]} 61. Ke4 {[%emt 0:00:00]} Ra1 {[%emt 0:00:00]} 62. Kd5 {[%emt 0:00:00]} Ra7 {[%emt 0:00:00]} 63. Rc8+ {[%emt 0:00:00]} Kh7 {[%emt 0:00:00]} 64. Rc5 {[%emt 0:00:00]} Rd7+ {[%emt 0:00:00]} 65. Kc4 {[%emt 0:00:00]} Rf7 {[%emt 0:00:00]} 66. Rh5+ {[%emt 0:00:00]} Kg8 {[%emt 0:00:01]} 67. Rc5 {[%emt 0:00:00]} Rc7 {[%emt 0:00:00]} 68. f5 {[%emt 0:00:00]} Rd7 {[%emt 0:00:00]} 69. f6 {[%emt 0:00:00]} Kh7 {[%emt 0:00:00]} 70. fxg7 {[%emt 0:00:00]} Rxg7 {[%emt 0:00:00]} 71. Rc6 {[%emt 0:00:00]} Rg5 {[%emt 0:00:00]} 72. d5 {[%emt 0:00:00]} Rg4+ {[%emt 0:00:01]} 73. Kc5 {[%emt 0:00:00]} Rg5 {[%emt 0:00:00]} 74. c4 {[%emt 0:00:00]} Rxd5+ {[%emt 0:00:00]} 75. Kxd5 {[%emt 0:00:01] Time (Lag: Av=0.64s, max=1.1s)} 1-0

[Event "Stay Safe Play From Home 262"]
[Site "Emanuel Lasker Arena"]
[Date "2020.06.29"]
[Round "9"]
[White "SoulofWolf"]
[Black "Souchov"]
[Result "0-1"]
[WhiteElo "2166"]
[BlackElo "1989"]
[Annotator "TA"]
[PlyCount "82"]
[EventDate "2020.06.29"]
[EventType "swiss (blitz)"]

{[%evp 9,82,8,10,-20,19,18,23,-64,-41,-36,-36,-41,-1,10,33,51,67,62,88,104,154,78,71,84,87,-40,77,83,80,17,95,13,58,55,116,64,64,65,73,0,0,-20,0,-23,0,-246,-110,-123,-106,-259,-253,-271,-268,-311,-311,-306,-299,-291,-250,-250,-232,-257,-261,-274,-243,-29985,-29986,-29991,-29991,-29991,-29989,-29989,-29990,-29990,-29991]} 1. c4 Nf6 2. Nc3 g6 3. e4 Bg7 4. e5 Ng8 5. d4 d6 6. f4 {[#] A16: English Opening: 1...Nf6 with ...d5.} dxe5 $146 ({Predecessor:} 6... f6 7. Nf3 Bg4 8. Be2 Nh6 9. exf6 exf6 10. O-O O-O 11. Re1 Nc6 12. d5 Ne7 {0-1 (30) Hapke,T (1639)-Bach,O (1442) Playchess.com INT 2020}) 7. fxe5 c5 8. Nf3 (8. d5 $1 $11) 8... cxd4 $15 9. Nb5 Nc6 10. Bf4 {[%cal Rf3d4]} Be6 11. Nbxd4 Bg4 (11... Nxd4 {looks sharper.} 12. Qxd4 Nh6 13. Rd1 O-O 14. Be2 Qc7) 12. Nxc6 Qxd1+ 13. Rxd1 bxc6 14. Be2 Nh6 15. Nd4 (15. h3 $142 {Bxh6 is the strong threat.} Bc8 16. O-O) 15... Bxe2 $16 16. Kxe2 ({Of course not} 16. Nxe2 $6 Ng4 $11) 16... Rc8 17. b4 (17. h3 $16) 17... Nf5 (17... c5 $1 $15 {stays ahead.} 18. Nf3 cxb4) 18. Nxf5 gxf5 19. c5 (19. Rd3 $16) 19... e6 (19... a5 $11 {keeps the balance.}) 20. Ke3 (20. Rd3 $16) 20... h6 (20... a5 $5) 21. Rd6 Ke7 ({Better is} 21... a5 $14) 22. Rhd1 (22. Bg3 $16) 22... Rhd8 $14 23. h3 Rxd6 24. cxd6+ {[%mdl 4096] Endgame KRB-KRB} (24. exd6+ $16 Kd7 25. Kd3) 24... Kd7 $11 25. Rc1 Rb8 26. a3 Rb5 27. Kd4 $2 {[#]} (27. Rc5 $11) 27... Rd5+ (27... Bxe5+ $1 $19 {[%mdl 512] and Black stays clearly on top.} 28. Bxe5 Rd5+ 29. Ke3 Rxe5+ 30. Kf2 Kxd6) 28. Ke3 $17 Bxe5 29. Bxe5 $2 {This costs White the game.} (29. Bxh6 $17 Bxd6 30. Rc4) 29... Rxe5+ {KR-KR} 30. Kf4 Kxd6 31. Rd1+ Rd5 32. Rc1 Rd4+ 33. Ke3 Re4+ 34. Kf3 Re5 35. Rc3 Rd5 36. Rb3 a6 37. Rd3 $2 {[#]} (37. Ke2 $19) 37... Rxd3+ {Black mates.} 38. Kf4 Rxa3 39. g4 Rb3 40. gxf5 Rxb4+ 41. Kg3 exf5 {Accuracy: White = 37%, Black = 51%.} 0-1